000 01066nam a2200253 a 4500
999 _c425140
_d425140
003 BLK
005 20250225005542.0
008 210723b bu |||||||||| 00| | bu d
040 _aBLK
041 _aBUL
_cBUL
080 _aБългарска литература
_b821.163.2
_x.09
_z821.163.2.09
100 _aСтрашимиров, Димитър Тодоров
_d1868-1938
_9364201
139 _aСтрашимиров, Димитър Тодоров
245 _aХристо Ботев като поет и журналист
_bКрит. опит
_cДимитър Тодоров Страшимиров
260 _9216221
_aПловдив
_bДруж. п-ца Съгласие
_c1897
_f(Пловдив : Съгласие)
300 _a334 с.
_c20 см
380 _a82
490 _9435080
_aКолекция Редки и ценни издания
650 7 _9149119
_aБотев, Христо
653 7 _9200192
_aХристо Ботев
852 _aРб 897
_bРц
942 _cKNG
_n0
_s1
944 _aCR
_c2021-07-23
_k
_lCRON CRON